00291nam a22001097a 4500082001700000100002500017245006000042260002700102300001000129650001600139650002600155 aTNC I513 T13 aTaher, Nasreen (ed.) aDynamics of change management cedited by Nasreen Taher aHyderabadbICFAIc2005 a189p. aManagement  aOrganizational change